| 000 | 00692nam a2200241Ia 4500 | ||
|---|---|---|---|
| 003 | OSt | ||
| 005 | 20220927113004.0 | ||
| 006 | a|||||r|||| 00| 0 | ||
| 007 | ta | ||
| 008 | 220926b |||||||| |||| 00| 0 eng d | ||
| 024 | _a151637 | ||
| 037 | _cReports | ||
| 040 |
_aRTL _cRTL _beng |
||
| 041 |
_2eng _aeng |
||
| 082 | _a"X72:8J.235r, N8/GD" | ||
| 110 |
_a"MAHARASHTRA, COMPTROLER AND AUDITOR GENERAL." _9384848 |
||
| 245 | 0 |
_aReport _brevenue receipts. |
|
| 260 |
_aBombay _bGovt. press _c1998 |
||
| 300 |
_a119p. _ccm. |
||
| 700 |
_a"MAHARASHTRA, COMPTROLER AND AUDITOR GENERAL." _9384849 |
||
| 942 |
_h"X72:8J.235r, N8/GD" _cCC |
||
| 999 |
_c701118 _d701118 |
||